000 01761nam a22002057a 4500
005 20230210115111.0
008 230208b ||||| |||| 00| 0 eng d
020 _a9789354891939
040 _cAL
041 _aeng
082 _223
_a305.4
_bBHAD
100 _aShrayana Bhattacharya
_971174
245 _aDesperately seeking shah rukh
_b: Indians lonely young women and the search for intimacy and Independence
260 _aHaryana
_bHarperCollins Publisher
_c2021
300 _axxii,443p.
_bHB
_c22x14cm.
365 _2General
_aABDI/0651/23
_b₹524.00
_d₹699.00
_e25%
_f16-01-2023
520 _aWith a new preface for the paperback edition In this pathbreaking work, Shrayana Bhattacharya maps the economic and personal trajectories--the jobs, desires, prayers, love affairs and rivalries--of a diverse group of women. Divided by class but united in fandom, they remain steadfast in their search for intimacy, independence and fun. Embracing Hindi film idol Shah Rukh Khan allows them a small respite from an oppressive culture, a fillip to their fantasies of a friendlier masculinity in Indian men. Most struggle to find the freedom-or income-to follow their favourite actor Bobbing along in this stream of multiple lives for more than a decade-from Manju's boredom in 'rurban' Rampur and Gold's anger at having to compete with Western women for male attention in Delhi's nightclubs, to Zahira's break from domestic abuse in Ahmedabad-Bhattacharya gleans the details on what Indian women think about men, money, movies, beauty, helplessness, agency and love. A most unusual and compelling book on the female gaze, this is the story of how women have experienced post-liberalization India.
650 _2Women
_aGroups of People
_971175
942 _2ddc
_cBK
999 _c226603
_d226603